Научно-исследовательские работы института, вошедшие в План важнейших научно-исследовательских работ высших учебных заведений МВССО РСФСР на 1963 год: Отчет о НИР

書誌詳細
団体著者: Томский политехнический институт (ТПИ) (595)
言語:ロシア語
出版事項: Томск, 1963
主題:
フォーマット: 図書
KOHA link:https://koha.lib.tpu.ru/cgi-bin/koha/opac-detail.pl?biblionumber=177573

MARC

LEADER 00000nbm0a2200000 4500
001 177573
005 20231031165640.0
035 |a (RuTPU)RU\TPU\book\192526 
090 |a 177573 
100 |a 20100322d1963 k y0rusy50 ca 
101 0 |a rus 
102 |a RU 
105 |a a p 000zy 
200 1 |a Научно-исследовательские работы института, вошедшие в План важнейших научно-исследовательских работ высших учебных заведений МВССО РСФСР на 1963 год  |e Отчет о НИР  |f Томский политехнический институт (ТПИ) 
210 |a Томск  |d 1963 
610 1 |a планы-графики 
610 1 |a высшие учебные заведения 
610 1 |a ТПИ 
675 |a 6.022  |v 3 
712 0 2 |a Томский политехнический институт (ТПИ)  |c (1944-1991)  |2 stltpush  |3 (RuTPU)RU\TPU\col\1123  |4 595 
801 1 |a RU  |b 63413507  |c 20100322 
942 |c BK